Quizzes
Events
Quiz Creation
Community
Videos
Private Events
Remove Ads
Sign In
Join for FREE
Feedback
Dark Mode
Quiz Categories
Sports
Geography
Music
Movies
Television
Just For Fun
Miscellaneous
History
Literature
Language
Science
Gaming
Entertainment
Religion
Holiday
For Kids
Quiz Lab
Recent
Popular Today
Quiz Kudos Today
Editor Picks
Curator Picks
Quizzes by...
Day
Popularity
Type
Ratings
Length
Year
Community
Subscriptions
Recent Discussions
Orange Saloon
Badges
Playlists
Quests
Create
Leaderboards
Showdown
Live 5
Trivia Bingo
Activity
Puzzle Library
Sporcle Events
Private Events
Virtual Trivia
Globe League
Become a Host
Pub Owners
SporcleCon
Opinionation
Our Games
Videos
Blog
Mobile Apps
Partnerships
Remove Ads and Go Orange
Feedback
Geography
Country
Landmarks
City
State
Population
World
Capital
Continent
Flags
Europe
Africa
Asia
South America
North America
Oceania
Border
Canada
United Kingdom
Topography
United States
Geography
Country
Landmarks
City
State
Population
World
Capital
Continent
Flags
Europe
Africa
Asia
South America
North America
Oceania
Border
Canada
United Kingdom
Topography
United States
Random Quiz
Search Sporcle
×
Quiz Lab
Quiz Lab
Geography
Islam
Type in answers that appear in a list
Type in answers that appear in a list
Classic
Best Score? Go Orange.
The Muslim World Stats
Can you name the countries in which Muslims make up 1/3 or more of the total population?
By
Treemeister
6m
52 Questions
4,248 Plays
4,248 Plays
4,248 Plays
Comments
Comments
Give Quiz Kudos
Give Quiz Kudos
-
- Ratings
hide this ad
Replay
Link that replays current quiz
Next Quiz
Link to next quiz in quiz playlist
You Got
0%
They Got
Avg Score
77%
Avg Friend Score
Upgrade to see
Score Distribution
Jump to the score distribution portion of the page
Score
0/52
Timer
06:00
0
Plays Today
Muslims as % of Total Population
Country
% Correct
99.4%
Iran
96.5%
99.0%
Iraq
96.4%
97.0%
Saudi Arabia
95.3%
96.3%
Pakistan
95.2%
94.6%
Egypt
93.9%
98.0%
Turkey
91.9%
99.1%
Yemen
91.3%
99.7%
Afghanistan
90.5%
99.0%
Morocco
90.3%
76.2%
United Arab Emirates
90.2%
87.7%
Oman
90.2%
92.2%
Syria
89.3%
71.3%
Sudan
88.6%
98.0%
Algeria
88.3%
96.6%
Libya
87.6%
77.5%
Qatar
86.8%
88.2%
Indonesia
86.4%
98.2%
Jordan
85.6%
98.6%
Niger
85%
99.5%
Tunisia
84.9%
59.3%
Lebanon
84.5%
98.5%
Somalia
84.4%
95.0%
Kuwait
84.2%
55.8%
Chad
83.9%
93.1%
Turkmenistan
83.7%
96.3%
Uzbekistan
83.4%
Muslims as % of Total Population
Country
% Correct
56.4%
Kazakhstan
82.8%
50.4%
Nigeria
81.9%
81.2%
Bahrain
80.5%
84.1%
Tajikistan
80.4%
92.5%
Mali
79.4%
86.3%
Kyrgyzstan
76.9%
99.2%
Azerbaijan
76.8%
60.4%
Malaysia
76.1%
33.9%
Ethiopia
75%
99.1%
Mauritania
74%
36.5%
Eritrea
73.6%
96.9%
Djibouti
72.3%
89.6%
Bangladesh
72%
96.0%
Senegal
69.9%
79.9%
Albania
63.5%
95.0%
Gambia
61.5%
84.4%
Guinea
61.2%
59.0%
Burkina Faso
58.8%
67.2%
Brunei
58%
98.4%
Maldives
56.6%
71.3%
Sierra Leone
56.4%
42.2%
Guinea-Bissau
56.2%
36.7%
Côte d'Ivoire
55.6%
98.3%
Comoros
54.6%
40.0%
Bosnia and Herzegovina
54.1%
33.3%
Macedonia
38.9%
Quiz Playlist
Details
Report
Send in Message
Add To Playlist
Classic:
Type in answers that appear in a list
Quiz Source
Last Updated: Feb 16, 2017
Quiz Scoreboard
CHALLENGE
Sign Up to Join the Scoreboard
Show All
Scores
Hide
Comments
May contain spoilers
Recently Published
NBA Finals Game Top Scorers (2010s)
by flibbidy
Sports
5m
Guess the 'R' Things in 3 Words
by MSUKent
Miscellaneous
3m
Actor to Badly Drawn Movie III
by MoMosMoProblems
Movies
5m
More to Explore
Quiz From the Vault
Featured Blog Post
Where Does Lost Luggage Go?
hide this ad
You Might Also Like...
Tags
Country Quiz
Islam Quiz
Population Quiz
World Quiz
muslim
muslin
total
Today's Top Quizzes in Geography
Browse Geography
hide this ad
Today's Top Quizzes in Islam
Browse Islam
Top Contributed Quizzes in Geography
1
Countries of the World - No Outlines Minefield
2
Find the Landmarks A-Z
3
Lietuvos savivaldybės (Lithuanian Municipalities)
4
Blind Ultimate Minefield: World
5
Ultimate Geography Challenge 'A'
6
Find the US States - No Outlines
7
3, 2, 1 or 0: Land Borders
8
Complete the Map Snippet (Minefield) IX
9
Nickname Match: U.S. States
10
Complete the Map Snippet (Minefield) X
Explore More
Trending Topics
Harry Potter
Kpop
Crossword
NBA
Anime
Disney
Marvel
WWE
Song
The Office
NFL
Puzzle
Soccer
Pokémon
Country
hide this ad
More By:
Treemeister
Quiz
Plays
Rating
Category
Featured
Created
World's Smartest Countries
4,934
3.56
Geography
Sep 27, 2009
Which President Signed It?
4,680
4.55
History
Jan 8, 2010
Highest WWII Death Tolls
4,457
4.48
History
Oct 12, 2009
The Muslim World
4,248
4.27
Geography
Nov 2, 2009
War Presidents
3,763
4.70
History
Oct 12, 2009
Go to Creator's Profile
Score Distribution
Quiz Creator Spotlight
Treemeister
Follow
Send a Message
Quizzes Created
-
Created Quiz Play Count
-
More By This Creator
Popular Quizzes Today
1
Find the US States - No Outlines Minefield
2
Find the US States
3
The Countries of the World
4
10 Largest US States in Order
5
Find the Countries of Europe - No Outlines Minefield
6
US States
7
Guess the 'R' Things in 3 Words
8
NBA Finals Game Top Scorers (2010s)
More Geography Quizzes
Landkreise und kreisfreie Städte in Sachsen
Quiz Lab
Trending Quizzes
First Name TV: Leading Men
First Name TV: Leading Women Drama
Match the Book to the Film II
Pick A Pair: Religious TV
Match the Book to the Film VI
Recently Updated
Women's Final Four Teams by Year
bhenderson79
Presidents Quartet II
eogle
Anything But Clue(do)
eogle
Anything But Oceanian Capitals
eogle
Anything But 7
eogle
Anything But Thing
eogle
Word Ladder: February 29
pecheneg
Song Title Questions
pecheneg
Women's NCAA Tournament #1 Seeds
pecheneg
Celebrity Mug Shots
pecheneg
Trending Topics
Harry Potter
NBA
Marvel
Anime
Disney
Crossword
Kpop
NFL
Pokémon
Song
Puzzle
Soccer
The Office
Country
WWE
Your Account Isn't Verified!
In order to create a playlist on Sporcle, you need to verify the email address you used during registration. Go to your
Sporcle Settings
to finish the process.
Report this User
Report this user for behavior that violates our
Community Guidelines
.
Details:
Send Report
Go to the Sporcle.com Mobile Site →
Comments